000
00311nam a22001337a 4500
020
_a
978-81-265-4495-0
041
_a
ENG
100
_a
Smith.J.S
245
_a
Food Processing Principles And Applications
260
_a
New Delhi
_b
Wiley
_c
2014
300
_a
511
650
_a
APE
856
_u
Not To Be Issued
999
_c
2564
_d
2564